[Event "Chioggia op 1st"]
[Site "Chioggia"]
[Date "2006.02.04"]
[Round "4"]
[White "Cruccu, Alberto"]
[Black "Castellano, Alfonso"]
[Result "0-1"]
[WhiteElo "1440"]
[BlackElo "1935"]
[PlyCount "68"]
[EventDate "2006.01.28"]
[EventType "swiss"]
[EventRounds "6"]
[EventCountry "ITA"]
[SourceTitle "EXT 2022"]
[Source "ChessBase"]
[SourceDate "2021.10.06"]
[SourceVersion "1"]
[SourceVersionDate "2021.10.06"]
[SourceQuality "1"]

1. e4 c5 2. Nf3 d6 3. Nc3 Nf6 4. Bc4 e6 5. 0-0 a6 6. a4 Qc7 7. h3 Be7 8. d3 Nbd7 9. Bf4 0-0 10. Re1 Ne5 11. Nxe5 dxe5 12. Be3 b6 13. Ne2 Nh5 14. Ng3 Nf4 15. Qg4 Kh8 16. Nh5 Ng6 17. f4 f5 18. Qg3 Bh4 19. Qf3 Bxe1 20. Rxe1 fxe4 21. dxe4 exf4 22. Bd2 e5 23. Bd5 Bb7 24. c4 Rae8 25. b4 Qe7 26. Rb1 Bxd5 27. cxd5 Nh4 28. Qf2 Qg5 29. Be1 Nxg2 30. Qxg2 Qxh5 31. bxc5 bxc5 32. Rb7 Rf7 33. Rb6 Rf6 34. Rb7 Rg6 0-1